| 000 | 01515 am a2200361 a 4500 | ||
|---|---|---|---|
| 005 | 20240524085741.0 | ||
| 008 | 100427s2009||||mx a f |||| 001 0 spa d | ||
| 020 | _a9786077504382 | ||
| 041 | _aspa | ||
| 092 |
_c616.2 _l55 _sNAV |
||
| 100 | 1 |
_aNavarro Reynoso, Francisco Pascual. _9585 |
|
| 245 |
_aClínica de enfermedad pulmonar obstructiva crónica / _cFrancisco Pascual Navarro Reynoso. |
||
| 250 |
_a1a ed. _bColección Platino Academia Mexicana de Cirugía |
||
| 260 |
_aMéxico: _bAlfil; _c2009. |
||
| 300 | _a159 p. | ||
| 500 | _aNavarro Reynoso, F. P. (2009). Clínica de enfermedad pulmonar obstructiva crónica. (1a ed.). México : Alfil. | ||
| 590 | _aDonación Academia Mexicana de Cirugía, 2010 | ||
| 653 | _aEPOC. Definiciones | ||
| 653 | _aEnfermedad pulmonar obstructiva crónica. Generalidades | ||
| 653 | _aClasificación y cuadro clínico | ||
| 653 | _aFisiopatología de la EPOC | ||
| 653 | _aPruebas de función pulmonar | ||
| 653 | _aEPOC. Tratamiento | ||
| 653 | _aPrevención. Manejo de los factores de riesgo. Clínica contra el tabaco | ||
| 653 | _aConsideraciones nutricionales en el paciente con EPOC | ||
| 653 | _aEducación y manejo de los factores de riesgo para el paciente con EPOC | ||
| 653 | _aEPOC. Hipótesis holandesa | ||
| 653 | _aEPOC y la contaminación ambiental | ||
| 653 | _aInfluencia de la infección respiratoria en el desarrollo de la EPOC | ||
| 653 | _aCirugía de reducción de volumen pulmonar | ||
| 930 | _a2097 | ||
| 942 |
_2ddc _cBK |
||
| 999 |
_c271 _d271 |
||